| 000 | 01037nam a22003257a 4500 | ||
|---|---|---|---|
| 003 | CHAP | ||
| 005 | 20220329141236.0 | ||
| 008 | 971010s1974 r 00010 d | ||
| 010 | _a65005 | ||
| 011 | _a65977 | ||
| 035 | _a73654 | ||
| 040 | _cCHAP | ||
| 082 |
_a638.14 _bR65 |
||
| 100 | 0 | 0 |
_aRoma Fábrega, A. _999466 |
| 245 | _aExplotación racional del colmenar | ||
| 260 |
_aBarcelona : _bSintes, _c1974 |
||
| 300 |
_a355 p. _b; ilus |
||
| 500 | _aAparentemente 2 ed. de 1974? | ||
| 590 |
_aBATCH-UPD _b10 _c20130110 _lUCH01 _h0750 |
||
| 590 |
_aBATCH-UPD _b10 _c20130410 _lUCH01 _h0431 |
||
| 590 |
_aBATCH-UPD _b10 _c20130914 _lUCH01 _h1010 |
||
| 590 |
_aCONVERSION _b10 _c20130109 _lUCH01 _h1335 |
||
| 650 | 1 | 4 |
_aApicultura. _96241 |
| 650 | 1 | 4 |
_aColmenas. _925339 |
| 901 | _aBK | ||
| 942 | _cLIBRO | ||
| 949 |
_a638.12 R65 _bCRUAN _cLIBRO _d-6470 _eLIBRO _h428 _i73654 _si |
||
| 949 |
_a638.14 R65 _bBC _cLIBRO _d33724000089256 _eLIBRO _fc.3 _h45438 _i73654 _si |
||
| 949 |
_a638.14 R65 _bBC _cLIBRO _d33724000095444 _eLIBRO _fc.2 _h45437 _i73654 _si |
||
| 999 |
_c65005 _d65005 |
||